000 00750cam a2200205 4500
001 WB3544-01
008 000000n1999 000 0 eng u
035 _a(Sirsi) u101921
245 _aNet policy
260 _c1999
490 _aFinancial Times
_v12 November 1999, 30(1)
520 _aInternational auction house, Christie's is intending to launch a new online bidding site for all its auction lots. The company is intending to incorporate its online operations into its mainline auction business - a U turn on previous policy which intended to keep them separate.
590 _aWB
650 _aCHRISTIES
650 _aAUCTION HOUSES
650 _aINTERNET
650 _aONLINE AUCTIONS
690 _aAuctioneering
_96218
942 _n0
999 _c61019
_d61019